00385nam a2200145 a 4500020001800000082001600018100002100034245003600055260004400091300000900135500003500144505001300179650002600192700002100218 a0196940 00a103bBLA C2 aBlackburn, Simon aOxford Dictionary of Philosophy aLondon bOxford University Press c1994 a407p aincludes index and biblioraphy2 aAppendix aPhilosophy-Dictionary1 aBlackburn, Simon